Statistics for Countries that Start with M

Click here to take the quiz!

General Stats

  • This quiz has been taken 410,774 times
    (121,421 since last reset)
  • The average score is 12 of 17

Answer Stats

Country % Correct
Mali
82%
Madagascar
80%
Mexico
77%
Morocco
77%
Mongolia
73%
Monaco
73%
Mauritius
73%
Mauritania
73%
Malaysia
72%
Moldova
71%
Malta
70%
Mozambique
70%
Montenegro
69%
Malawi
68%
Maldives
67%
Myanmar
67%
Marshall Islands
46%

Score Distribution

Percentile by Number Answered

Percent of People with Each Score

Your Score History

You have not taken this quiz since the last reset